<?xml version="1.0" encoding="UTF-8"?>
<record
    xmlns:xsi="http://www.w3.org/2001/XMLSchema-instance"
    xsi:schemaLocation="http://www.loc.gov/MARC21/slim http://www.loc.gov/standards/marcxml/schema/MARC21slim.xsd"
    xmlns="http://www.loc.gov/MARC21/slim">

  <leader>01546nam a2200205Ia 4500</leader>
  <controlfield tag="001">b6722-48100 </controlfield>
  <controlfield tag="003">IT-MiCISF</controlfield>
  <controlfield tag="008">161014s9999||||xx |||||||||||||| ||und||</controlfield>
  <datafield tag="040" ind1=" " ind2=" ">
    <subfield code="a">IT-MiCISF</subfield>
    <subfield code="c">IT-MiCISF</subfield>
  </datafield>
  <datafield tag="041" ind1=" " ind2=" ">
    <subfield code="a">it</subfield>
  </datafield>
  <datafield tag="100" ind1=" " ind2=" ">
    <subfield code="a">Piccinino Giorgio</subfield>
  </datafield>
  <datafield tag="245" ind1=" " ind2="0">
    <subfield code="a">Amore limpido</subfield>
    <subfield code="b">Nuove prospettive di felicit&#xE0; per la vita di coppia</subfield>
  </datafield>
  <datafield tag="250" ind1=" " ind2=" ">
    <subfield code="a">1a ed.</subfield>
  </datafield>
  <datafield tag="260" ind1=" " ind2=" ">
    <subfield code="a"> Trento</subfield>
    <subfield code="b">Erickson</subfield>
    <subfield code="c">2010</subfield>
  </datafield>
  <datafield tag="300" ind1=" " ind2=" ">
    <subfield code="a">pp. 358</subfield>
  </datafield>
  <datafield tag="500" ind1=" " ind2=" ">
    <subfield code="a"> / coppia, relazione-di-coppia, psicologia, case-studies, terapia-di-coppia / Scritto con linguaggio semplice e coinvolgente, e al tempo stesso concreto e rigoroso, questo volume &#xE8; un saggio sull'amore e sulla vita di coppia che offre una nuova prospettiva per ritrovarsi e riflettere sulle vere priorit&#xE0; della propria vita. Sfatando alcuni luoghi comuni molto diffusi, come l'idea che esista un'anima gemella e che l'amore sia un sentimento irrefrenabile e misterioso, gli autori, psicologi psicoterapeuti di orientamento analitico transazionale, offrono in queste pagine preziosi consigli sulla vita a due maturati dalla loro esperienza professionale e personale. Una lettura utile per capire meglio le diverse fasi evolutive dell'amore e per prendere consapevolezza del fatto che le crisi non rappresentano sempre, come spesso si crede, un fallimento del rapporto, ma che possono, se affrontate nel modo giusto, rivelarsi un importante momento di crescita e di completamento della propria personalit&#xE0;. </subfield>
  </datafield>
  <datafield tag="650" ind1=" " ind2=" ">
    <subfield code="a"> Relazione di coppia / coppia</subfield>
    <subfield code="e">002</subfield>
  </datafield>
  <datafield tag="942" ind1=" " ind2=" ">
    <subfield code="c">BK</subfield>
  </datafield>
  <datafield tag="957" ind1=" " ind2=" ">
    <subfield code="7">1</subfield>
  </datafield>
  <datafield tag="999" ind1=" " ind2=" ">
    <subfield code="a">48100</subfield>
    <subfield code="b">si</subfield>
    <subfield code="g">1</subfield>
    <subfield code="c">210296</subfield>
    <subfield code="d">210296</subfield>
  </datafield>
  <datafield tag="952" ind1=" " ind2=" ">
    <subfield code="0">0</subfield>
    <subfield code="1">0</subfield>
    <subfield code="4">0</subfield>
    <subfield code="6">B_672248100</subfield>
    <subfield code="7">1</subfield>
    <subfield code="a">CISF</subfield>
    <subfield code="b">CISF</subfield>
    <subfield code="d">2016-10-14</subfield>
    <subfield code="l">0</subfield>
    <subfield code="o">b6722-48100 </subfield>
    <subfield code="r">2016-10-14 00:00:00</subfield>
    <subfield code="w">2016-10-14</subfield>
    <subfield code="y">BK</subfield>
    <subfield code="z">Data import 15.10.2016 / by Epidotti, Vaglietti</subfield>
  </datafield>
</record>
